000
00233nam a22001097a 4500
040
_c
SK
082
_a
343
100
_a
LINDSAY CLANDFIELD
245
_a
Straightforward Elementary student book
260
_a
RUA
_b
Dav
_c
2010
942
_c
EK
999
_c
8443
_d
8443